Faculty of Law Library — Cairo University

Official Online Catalog

Éléments De Droit Pénal : (Record no. 71506)

MARC details
000 -LEADER
fixed length control field 01366nam a2200349 i 4500
003 - CONTROL NUMBER IDENTIFIER
control field EG-GICUC
005 - DATE AND TIME OF LATEST TRANSACTION
control field 20260416151842.0
008 - FIXED-LENGTH DATA ELEMENTS--GENERAL INFORMATION
fixed length control field 260416s1986 fr |||fr|||| 001 0bfre d
040 ## - CATALOGING SOURCE
Original cataloging agency EG-GiCUC
Language of cataloging fre
Transcribing agency EG-GiCUC
Modifying agency EG-GiCUC
Description conventions Rda
041 #0 - LANGUAGE CODE
Language code of text/sound track or separate title fre
082 04 - DEWEY DECIMAL CLASSIFICATION NUMBER
Edition number 21
Classification number 343.37
Item number OR . E
092 04 - LOCALLY ASSIGNED DEWEY CALL NUMBER (OCLC)
Edition number 21
099 ## - LOCAL FREE-TEXT CALL NUMBER (OCLC)
Classification number Law1 10 343.621 OR . E 5 ed - 1986
100 1# - MAIN ENTRY--PERSONAL NAME
Personal name Ortolan, J
Relator term Auteur
245 10 - TITLE STATEMENT
Title Éléments De Droit Pénal :
Remainder of title Pénalité Juridictions Procédure Suivant La Science Rationnelle, La Législation Positive Et La Jurisprudence Avec Les Données De Nos Statistiques Criminelles.
Number of part/section of a work Tom 2 /
Statement of responsibility, etc. Par J. Ortolan ; Revue, Complétée Et Mise AU Courant De La Législation Française Et Étrangère Par M. Albert Desjardins.
250 ## - EDITION STATEMENT
Edition statement Cinquième édition
264 #1 - PRODUCTION, PUBLICATION, DISTRIBUTION, MANUFACTURE, AND COPYRIGHT NOTICE
Place of production, publication, distribution, manufacture Paris :
Name of producer, publisher, distributor, manufacturer Librairie Plon,
Date of production, publication, distribution, manufacture, or copyright notice 1986.
300 ## - PHYSICAL DESCRIPTION
Extent 668 page ;
Dimensions 24 cm.
336 ## - CONTENT TYPE
Source rda contenu
Content type term texte
337 ## - MEDIA TYPE
Source rda medias
Media type term Ordinateur
338 ## - CARRIER TYPE
Source transporteur rda
Carrier type term Ressource en ligne
500 ## - GENERAL NOTE
General note Index Pages 643-645.
504 ## - BIBLIOGRAPHY, ETC. NOTE
Bibliography, etc. note comprend des références bibliographiques
546 ## - LANGUAGE NOTE
Language note Texte en français
650 14 - SUBJECT ADDED ENTRY--TOPICAL TERM
Topical term or geographic name entry element Procès pénal
650 14 - SUBJECT ADDED ENTRY--TOPICAL TERM
Topical term or geographic name entry element Droit De Pénal
651 1# - SUBJECT ADDED ENTRY--GEOGRAPHIC NAME
Source of heading or term qrmak
700 1# - ADDED ENTRY--PERSONAL NAME
Personal name Albert Desjardins
Numeration Références
Relator term Traducteur
856 40 - ELECTRONIC LOCATION AND ACCESS
Uniform Resource Identifier <a href="https://fll.law.cu.edu.eg/fulltext/bks/B10-10071.pdf">https://fll.law.cu.edu.eg/fulltext/bks/B10-10071.pdf</a>
905 ## - Cataloger and Reviser Names
Cataloger Name: Mohamed Yosri
942 ## - ADDED ENTRY ELEMENTS (KOHA)
Source of classification or shelving scheme Dewey Decimal Classification
Koha item type Books
Edition 21
Suppress in OPAC No
Holdings
Withdrawn status Lost status Source of classification or shelving scheme Damaged status Not for loan Collection Home library Current library Date acquired Total checkouts Full call number Barcode Date last seen Copy number Price effective from Koha item type
    Dewey Decimal Classification   Not for loan القانون الجنائي جــــامعة القــاهرة مكتبة كلية الحقوق - المبنى الرئيسي 16.04.2026   Law1 10 343.37 OR. E 5 ed - 1986 1010071 V2, C1 B10-10071 16.04.2026 1 16.04.2026 Books

© All rights reserved — Faculty of Law, Cairo University